00471nam a2200181Ia 4500008004100000020001800041041000800059082002200067100001800089245004400107250001200151260003900163300000900202440001000211500001600221650001500237700003700252230125s9999 xx 000 0 und d a81-314-0413-7 aeng a658.4012bJIA/PRA aJain R K, Ed. aIT and Business Strategy : An Interface a1st Ed. c2006bICFAI publicationaHyderabad a191p aICFAI aBPSM Gen;IT aManagement aJain R K, Ed. & Prabhakar R, Ed.